000 01120nam a22003137a 4500
001 000518
003 DO-SdBPM
005 20260420134401.0
007 ta
008 160921b1995 flu ||||| |||| 00| 0 spa d
020 _a0757301363
040 _aBPMSU
_bspa
_cBPMSU
_erda
082 0 4 _a362.76
_bP393n 1995
_222
100 1 _aPelzer, David J.
_eautor
_4aut.
245 1 0 _aEl niño sin nombre :
_b la lucha de un niño por sobrevivir /
_cDave Pelzer.
264 _aDeerfield Beach, Florida :
_b HCI Español,
_c1995.
300 _axi, 170 p. ;
_c19 cm.
336 _atexto
_btxt
_2rdacontent
337 _asin mediación
_bn
_2rdamedia
338 _avolumen
_bn
_2rdacarrier
590 _aInventariado, 2026/VM
650 7 _aNiños maltratados
_zCalifornia (Estados Unidos).
650 7 _aHijos de alcohólicos
_zCalifornia (Estados Unidos).
650 7 _aPadres e hijos
_zCalifornia (Estados Unidos).
650 7 _aViolencia familiar
_zCalifornia (Estados Unidos).
650 7 _aHogares adoptivos
_zCalifornia (Estados Unidos).
910 _aVMateo V. Control de calidad. BPMSU
942 _2ddc
_cBK
999 _c11480
_d11480